00601nab a22001577a 4500003000400000005001700004008004100021040003700062082003600099100003300135245012700168260004500295650001200340650001900352773007200371OSt20250430022622.0250404t2005 |||||||| |||| 00| 0 eng d cJMCFI - Learning Resource Center aPer. 370.7’051 M689 2004-2006 aCampong-Daud, Norhattah Uman aA reaction to nel noddings' :bmorally defensible mission for schools in the 21st century /cNorhattah Usman Campong-Daud. aManila :bThe Grade School, Inc.,c2005. aFamily. aChild rearing. g, volume 54, number 7 (December 2005) page 273.tThe Modern Teacher